| 000 | 00670nam a22001697a 4500 | ||
|---|---|---|---|
| 003 | BD-DhUL | ||
| 005 | 20161013175347.0 | ||
| 008 | 161013s1973 ii ||||| |||| 00| 0 ben | ||
| 040 |
_aBD-DhUL _cBD-DhUL |
||
| 082 |
_a509 _bROB |
||
| 100 | 1 | _aরায়, সেৌরীন্দ্রনাথ | |
| 245 | 1 | 0 |
_aবিজ্ঞানের দৃষ্টিতে বিশ্ব ও পদার্থ / _cসেৌরীন্দ্রনাথ রায় |
| 260 |
_aকলিকাতা : _bরায় প্রকাশন, _c১৯৭৩. |
||
| 300 |
_a১৩৪ পৃ. ; _c২১ সেমি. |
||
| 650 | 0 | _aবিজ্ঞান | |
| 942 |
_2ddc _cBK |
||
| 999 |
_c108946 _d108946 |
||